000 00426nam a2200181Ia 4500
001 22983
005 20260414150907.0
008 260414t2015||||xx |||||||||||||| ||spa||
041 _aESP
082 _a624.175
_bH71
100 _aHolmes, John D.
_eAUT
245 0 _aWind loading of structures
_b
260 _c2015
300 _axxi, 428 páginas :
_c26 cm.
650 _a0
654 _aCIC
942 _cLIB
_dJUS
_fJUS
_2ddc
_n
999 _c22983
_d22983